000
00465nam a2200181Ia 4500
008
090124s9999 xx 000 0 und d
082
_b
126763
100
_a
भोपे मधुरंजन
245
_a
टक्कर
250
_a
1
260
_c
1984
300
_a
211
600
_a
भोपे मधुरंजन
630
_a
टक्कर
700
_a
भोपे मधुरंजन
730
_a
टक्कर
942
_c
BOOK
999
_c
172853
_d
172853